Handball: Pays Champions d'Asie (Hommes et Femmes) - Statistiques

Statistiques générales
  • Ce quiz a été pris 54 fois
  • Le résultat moyen est 3 sur 5
Statistiques - réponses
Réponse % Correct
Japon
100%
Corée du Sud
96%
Qatar
72%
Koweït
33%
Kazakhstan
24%
Aucun quiz correspondant
Distribution des résultats
% des personnes avec chaque résultat
Percentile par nombre de réponses
Votre historique - résultats
Vous n’avez pas pris ce quiz